| 000 | 00806nam a2200217 i 4500 | ||
|---|---|---|---|
| 001 | 77258 | ||
| 003 | ES-MaACL | ||
| 005 | 20230906173129.0 | ||
| 007 | t| | ||
| 008 | 041007s1954 mx ||||1| spa d | ||
| 100 | 1 |
_aHamel, Fred. _961645 |
|
| 245 | 1 | 0 |
_aEnciclopedia de la música / _cpor Fred Hamel y Martin Hürlimann ; traducción y adaptación españolas por Otto Mayer-Serra. |
| 250 |
_a3a ed. _bcon estudios relativos a la música en Argentina [por Gastón O. Talamon], Brasil [por O. Mayer-Serra] y Uruguay. |
||
| 260 |
_aMéxico : _bCumbre, _c1954. |
||
| 300 |
_a3 v., 71 lám. : _bil. ; _c24 cm. |
||
| 700 | 1 |
_aHürlimann, Martin. _9209364 |
|
| 700 | 1 |
_aMayer-Serra, Otto. _979368 |
|
| 700 | 1 |
_aTalamon, Gastón O. _9109105 |
|
| 852 |
_aES-MaACL _jC-15379-81 _bR.43033 |
||
| 999 |
_c77258 _d77258 |
||